<?xml version="1.0" encoding="UTF-8"?>
<marc:record xmlns:marc="http://www.loc.gov/MARC21/slim">
   <marc:leader>00000nam a2200000 a 4500</marc:leader>
   <marc:datafield ind1=" " ind2=" " tag="653">
      <marc:subfield code="a">Kindersachbuch</marc:subfield>
   </marc:datafield>
   <marc:datafield ind1=" " ind2=" " tag="653">
      <marc:subfield code="a">Geschichte</marc:subfield>
   </marc:datafield>
   <marc:datafield ind1=" " ind2=" " tag="653">
      <marc:subfield code="a">Rom</marc:subfield>
   </marc:datafield>
   <marc:datafield ind1=" " ind2=" " tag="653">
      <marc:subfield code="a">Römisches Reich</marc:subfield>
   </marc:datafield>
   <marc:datafield ind1="0" ind2="0" tag="245">
      <marc:subfield code="a">Die Römer und ihre Welt</marc:subfield>
   </marc:datafield>
   <marc:datafield ind1=" " ind2="1" tag="264">
      <marc:subfield code="b">Tessloff</marc:subfield>
      <marc:subfield code="c">1997</marc:subfield>
   </marc:datafield>
   <marc:datafield ind1="1" ind2=" " tag="490">
      <marc:subfield code="a">Entdeckt &amp; nachgebaut</marc:subfield>
   </marc:datafield>
   <marc:datafield ind1="1" ind2=" " tag="520">
      <marc:subfield code="a">Nicht schlecht, wie hier Wissensvermittlung mit schöpferischem Spiel verbunden wird. Wie denn die Römer lebten (O. Bombarde: BA 4/88), vermittelt der knappe, einfache Text. Von den ihn begleitenden Illustrationen folgen nur wenige klassischen Vorlagen, die meisten zeigen die Ergebnisse der Bastelarbeiten, die mit leicht zugänglichen Mitteln herzustellen sind (Pappe, Papier, Stoff, Ton - für den sollte eher noch die lufttrocknende Modelliermasse gewählt werden -, Farbe, Schere, Kleister). Die beschreibung für die Herstellung von Kleidung, Schuhwerk, Gefässen, Schreibtafeln usw. ist nachvollziehbar, für die Herstellung der vielen Modellbauten, Helme, Schilde, Schiffe usw. fehlt leider die Bastelanleitung, da müssen Erwachsene hilfreich eingreifen. Vergleichbar etwa mit "Piraten. Wie sie lebten ..." (BA 9/92). - Ab 9 Jahren gut brauchbar, auch für Schulbibliotheken.</marc:subfield>
   </marc:datafield>
   <marc:datafield ind1="3" ind2=" " tag="024">
      <marc:subfield code="a">3788601884</marc:subfield>
   </marc:datafield>
</marc:record>
